Loading...
Municipal management. /
| Main Author: | |
|---|---|
| Language: | Undetermined |
| Published: |
1941.
|
| Series: | Mcgraw hill series in political science ed by Joseph P Harris.
|
| LEADER | 00455nam a2200133Ia 4500 | ||
|---|---|---|---|
| 001 | 101545 | ||
| 008 | 170722s9999 xx 000 0 und d | ||
| 100 | |a Reed, Thomas Harrison | ||
| 245 | |a Municipal management. / | ||
| 260 | |c 1941. | ||
| 490 | |a Mcgraw hill series in political science ed by Joseph P Harris. | ||
| 942 | |c GEN | ||
| 999 | |c 36252 |d 36252 | ||
| 952 | |0 0 |1 0 |4 0 |6 V_736328_H1 |7 0 |8 LC1 |9 47584 |a LIB |b LIB |d 2017-08-12 |h LC1 |o V73,63:28 H1 |p 29507 |r 2017-08-12 |w 2017-08-12 |y GEN | ||